000 00957nam a2200301Ia 4500
001 Z_3425
003 CHAP
008 220113s2000 xx 000 0 und d
010 _a166546
040 _cCHAP
090 _aTesis B 1479
100 _aBravo Vinaja, María Guadalupe
_915164
245 _aEvaluación de tres métodos de sincronización de estros en ganado bovino de doble propósito /
_cpor María Guadalupe Bravo Vinaja y Felipa de Jesús Monreal Flores
260 _aChapingo, Méx. :
_bEl autor,
_c2000
300 _a57 h. ; cuads.
502 _aTesis (Ing. Agr. Esp. en Zootecnia) -- UACH. Departamento de Zootecnia
650 _aCiclo estrual
_923072
650 _aGanado
_944888
650 _aHormonas
_956235
650 _aSincronización del celo
_9106556
700 _aMonreal Flores, Felipa de Jesús
_977624
901 _aTESIS B 1479
902 _aM
910 _a2000
942 _c2
942 _c2
999 _c166546
_d166546